00450nam a2200157Ia 450000500170000000800410001708200130005810000150007124500170008626000470010330000120015065000100016294200060017295200990017899900150027720250316141034.0240331s9999 xx 000 0 und d bKUMa894 aKumar, M.C 0aMadum veedum aHattonbChristian Workers Fellowshipc1995 a72 p ., apoems cL 001040708LaWERCLbWERCLcSSCd2024-03-31l0o 894.811 KUMp2371r2024-03-31w2024-03-31yL c4027d4027